| 000 | 00456nam a22001697a 4500 | ||
|---|---|---|---|
| 999 |
_c525250 _d525250 |
||
| 003 | NUST | ||
| 020 | _c(Hbk) | ||
| 038 | _aM. Shaban | ||
| 082 |
_a209.2 _bJAV |
||
| 100 |
_aJaved, Iltaf _915994 |
||
| 245 |
_aGhair saami mzahib ke baani / _cIltaf Javed |
||
| 260 |
_aLahore : _bApna Adara, _c2004. |
||
| 300 | _a263 p. ; | ||
| 880 |
_6100-01\r _aالطاف جاوید |
||
| 880 |
_6245-02\r _aغیر سامی مذاہب کے بانی / |
||
| 942 |
_2ddc _cBK |
||